LEADER 01497nam 2200445 450 001 000005357 005 20050718115200.0 010 $a88-386-5016-0 100 $a20001003d1994----km-y0itay0103----ba 101 0 $aita 102 $aIT 200 1 $aCalcolo differenziale e integrale$fFrank Ayres, Jr. 205 $a1. ed. 210 $aMilano ... [etc.]$cMcGraw-Hill$dc1994 215 $a346 p.$cill.$d26 cm. 225 1 $aSchaum's$iMatematica e statistica$v1 300 $aIn cop.: 1175 problemi risolti 304 $aTit. orig.: Differential and integral calculus 606 $aCalcolo integrale 606 $aAnalisi matematica 606 $aCalcolo differenziale 676 $a515.33$v(20. ed.)$9Analisi. Calcolo differenziale 700 1$aAyres,$bFrank$0110 801 0$aIT$bUniversità della Basilicata - B.I.A.$gRICA$2unimarc 912 $a000005357 996 $aDifferential and integral calculus$922303 997 $aUNIBAS BAS $aMONSCI BAS $aMONOGR BAS $aSCIENZE CAT $aMEDURI$b01$c20001003$lBAS01$h1204 CAT $c20001010$lBAS01$h1636 CAT $aTORRE$b20$c20010305$lBAS01$h1031 CAT $c20050601$lBAS01$h1753 CAT $abatch$b01$c20050718$lBAS01$h1048 CAT $c20050718$lBAS01$h1107 CAT $c20050718$lBAS01$h1137 CAT $c20050718$lBAS01$h1152 FMT Z30 -1$lBAS01$LBAS01$mBOOK$1BASA2$APolo Tecnico-Scientifico$2DID$BDidattica$3PTS.s1.p17.2$5S80676$820001005$f04$FPrestabile Didattica